Road to Omaha (2010's) - Statistics

General Stats
  • This quiz has been taken 16 times
  • The average score is 56 of 80
Answer Stats
Year School % Correct
2012 Arkansas
90%
2015 Arkansas
90%
2018 Arkansas
90%
2019 Arkansas
90%
2013 LSU
90%
2015 LSU
90%
2017 LSU
90%
2013 Mississippi St.
90%
2018 Mississippi St.
90%
2019 Mississippi St.
90%
2014 Ole Miss
90%
2011 Texas
90%
2014 Texas
90%
2018 Texas
90%
2012 Arizona
80%
2016 Arizona
80%
2010 Arizona St.
80%
2016 Coastal Carolina
80%
2010 Florida
80%
2011 Florida
80%
2012 Florida
80%
2015 Florida
80%
2016 Florida
80%
2017 Florida
80%
2018 Florida
80%
2010 Florida St.
80%
2012 Florida St.
80%
2017 Florida St.
80%
2019 Florida St.
80%
2011 North Carolina
80%
2013 North Carolina
80%
2018 North Carolina
80%
2010 Oklahoma
80%
2010 South Carolina
80%
2011 South Carolina
80%
2012 South Carolina
80%
2011 Vanderbilt
80%
2014 Vanderbilt
80%
2015 Vanderbilt
80%
2019 Vanderbilt
80%
2011 Virginia
80%
2014 Virginia
80%
2015 Virginia
80%
2019 Auburn
70%
2010 Clemson
70%
2019 Michigan
70%
2011 Texas A&M
70%
2017 Texas A&M
70%
2014 Texas Tech
70%
2016 Texas Tech
70%
2018 Texas Tech
70%
2019 Texas Tech
70%
2010 UCLA
70%
2012 UCLA
70%
2013 UCLA
70%
2013 Louisville
60%
2014 Louisville
60%
2017 Louisville
60%
2019 Louisville
60%
2013 NC St.
60%
2016 Oklahoma St.
60%
2013 Oregon St.
60%
2017 Oregon St.
60%
2018 Oregon St.
60%
2010 TCU
60%
2014 TCU
60%
2015 TCU
60%
2016 TCU
60%
2017 TCU
60%
2015 Miami
50%
2016 Miami
50%
2018 Washington
50%
2013 Indiana
40%
2011 California
30%
2015 Cal St. Fullerton
30%
2017 Cal St. Fullerton
30%
2016 UC Santa Barbara
30%
2014 UC Irvine
10%
2012 Kent St.
0%
2012 Stony Brook
0%
No matching quizzes found
Score Distribution
Percent of People with Each Score
Percentile by Number Answered
Your Score History
You have not taken this quiz